000 00726cam a2200229Ma 4500
008
020 _a9221136523 (pbk.)
049 _aMAIN
090 _aHM1136
_bEST
100 1 _aEstivill, Jordi.
245 1 0 _aConcepts and strategies for combating social exclusion :
_ban overview /
_cJordi Estivill.
260 _aGeneva :
_bInternational Labour Organization,
_cc2003.
300 _aix, 131 p. ;
_c24 cm.
504 _aIncludes bibliographical references.
650 0 _aMarginality, Social.
710 2 _aInternational Labour Organisation.
907 _a.b10326716
_b11-02-13
_c07-02-13
003
005 20230123121959.0
040 _cNUST
942 _cBOOKS
_kHM1136
_mEST
999 _c125742
_d125742